000 00226nam a22000857a 4500
008 170209b xxu||||| |||| 00| 0 eng d
100 _92837
_aCBSE
245 _aCBSE CCE Question Bank Mathematics-X
260 _aNew Delhi
_bOswell
_c2012
999 _c6053
_d6053